000 00704cam a22002291 4500
001 sa 66001032
003 DLC
005 20260227112219.0
008 960917s1957 pk c 000 0 pus
010 _asa 66001032
025 _aPL480:P-Pushto-82
035 _a(OCoLC)35574116
040 _aDLC
_cCLU
_dCLU
_dDLC
042 _apremarc
050 0 0 _aPK6803
_b.M3
100 1 _aMaẓlūm, ʻAbd al-Karīm,
_d1908-1961.
245 1 0 _aŻolay gulūnah.
_c[Author] Māstạr ʻAbd al-Karīm.
260 _a[Piṣhāwar,
_bldārah-yi Ruhbar,
_cTiṛūn 1957]
300 _a2, 184 p.
_bport.
_c19 cm.
500 _aBinder's title: Żaulay gulūnah [by] ʻAbdul Karīm Khān.
650 0 _aPushto literature.
999 _c67560
_d67560